| 000 | 01650nam0a22002891 4500 | ||
|---|---|---|---|
| 001 | rc\4520 | ||
| 005 | 20250620111725.0 | ||
| 035 | _a(NLR Aleph) 005294636 | ||
| 090 |
_a6226074 _c6226074 |
||
| 100 | _a20021204d1991 |||y0rusy50 ca | ||
| 101 | 0 | _arus | |
| 102 | _aRU | ||
| 105 | _aa ||||||||| | ||
| 200 | 1 |
_aЗарубежный детектив _e[Сборник _eПер. с англ. _fХудож. С. Гапон] |
|
| 210 |
_aМ. _cИзд. фирма "Дикоп" _dБ. г. (1991) |
||
| 215 |
_a208 с. _cил. _d20 |
||
| 327 | 1 | _aСодерж.: Похищение норки / М. Дедина. Дело ее зеленоглазой сестры / Э.С. Гарднер. Восковая фигура / Э. Бэрредж. Умереть ночью / Ч.Б. Гилфорд. Партия в баккара / М. Леблан | |
| 464 | 0 |
_12001#$aПохищение норки _1700#1$aДедина$bМ. _tПохищение норки _aДедина, М. |
|
| 464 | 0 |
_12001#$aДело ее зеленоглазой сестры _1700#1$aГарднер$bЭ.С. _tДело ее зеленоглазой сестры _aГарднер, Э.С. |
|
| 464 | 0 |
_12001#$aВосковая фигура _1700#1$aБэрредж$bЭ. _tВосковая фигура _aБэрредж, Э. |
|
| 464 | 0 |
_12001#$aУмереть ночью _1700#1$aГилфорд$bЧ.Б. _tУмереть ночью _aГилфорд, Ч.Б. |
|
| 464 | 0 |
_12001#$aПартия в баккара _1700#1$aЛеблан$bМ. _tПартия в баккара _aЛеблан, М. |
|
| 801 | 0 |
_aRU _bNLR _gpsbo |
|
| 801 | 1 |
_aRU _bELAR _2rusmarc |
|
| 852 |
_aNLR _j91-3/3662 |
||
| 942 | _cBOOK | ||
| 980 | _aNB | ||